[Event "NRW Class1 1819"]
[Site "Germany"]
[Date "2019.02.17"]
[Round "6.1"]
[White "Kartsev, Soel"]
[Black "Stomberg, Thomas"]
[Result "0-1"]
[WhiteElo "2200"]
[BlackElo "2306"]
[PlyCount "152"]
[EventDate "2018.09.16"]
[EventType "team-tourn"]
[EventRounds "9"]
[EventCountry "GER"]
[SourceTitle "EXT 2022"]
[Source "ChessBase"]
[SourceDate "2021.10.06"]
[SourceVersion "1"]
[SourceVersionDate "2021.10.06"]
[SourceQuality "1"]
[WhiteTeam "Brackel SF"]
[BlackTeam "Krefelder Turm"]
[WhiteTeamCountry "GER"]
[BlackTeamCountry "GER"]

1. e4 e6 2. Qe2 c5 3. Nf3 Nc6 4. g3 g6 5. Bg2 Bg7 6. 0-0 d6 7. d3 Nge7 8. c4 0-0 9. Nc3 a6 10. Bg5 Rb8 11. Qd2 b5 12. Bh6 e5 13. b3 Bg4 14. Bxg7 Kxg7 15. Ne1 Nd4 16. f3 Be6 17. Ne2 Nec6 18. Nxd4 Nxd4 19. f4 f6 20. Nf3 Nc6 21. Rf2 Qd7 22. Raf1 Bg4 23. Ne1 Nd4 24. Nc2 Nxc2 25. Qxc2 a5 26. cxb5 Qxb5 27. h3 Be6 28. f5 gxf5 29. exf5 Bf7 30. g4 h6 31. h4 Qb4 32. Bf3 Qf4 33. Rg2 Rb4 34. g5 hxg5 35. hxg5 Qe3+ 36. Qf2 Qxf2+ 37. Rgxf2 fxg5 38. f6+ Kxf6 39. Be4+ Ke7 40. Rf5 Rbb8 41. Rxg5 Ke6 42. Rg7 Rbd8 43. Rh7 Rg8+ 44. Kh2 Bg6 45. Rh3 Bxe4 46. dxe4 Rh8 47. Rff3 Rxh3+ 48. Rxh3 Ra8 49. Kg3 a4 50. Kf3 axb3 51. axb3 Ra2 52. Kg4 Rf2 53. Re3 Rf4+ 54. Kg5 Kd7 55. Kg6 Kc6 56. Kg5 Kb5 57. Rd3 Rxe4 58. Rxd6 Re3 59. Kf5 Rxb3 60. Kxe5 Re3+ 61. Kf4 Re8 62. Rd1 c4 63. Rb1+ Kc5 64. Rc1 Kb4 65. Rb1+ Kc3 66. Rc1+ Kd3 67. Rd1+ Kc2 68. Rd7 c3 69. Rh7 Kb2 70. Rb7+ Kc1 71. Kf3 c2 72. Rb6 Re5 73. Kf4 Re1 74. Kf3 Kd2 75. Rd6+ Kc3 76. Rc6+ Kb3 0-1